Statystyki dla Kto tu gra?

Kliknij tutaj aby rozwiązać quiz!

Ogólne statystyki

  • Ten quiz został rozwiązany 4 252 razy
  • Średni wynik to 11 z 15

Statystyki odpowiedzi

KlubStadion% Poprawnych
Camp NouFC Barcelona
99%
BernabeuReal Madryt
94%
Amsterdam ArenAAjax
90%
Allianz arenaBayern Monachium
89%
Old TraffordManchester United
89%
Stadion Energa GdańskLechia Gdańsk
87%
AnfieldLiverpool
86%
Stamford BridgeChelsea
85%
Parc des PrincesPSG
83%
Signal Iduna ParkBorussia Dortmund
75%
PGE NarodowyReprezentacja polski
69%
INEA stadionLech Poznań
43%
Stadio OlimpicoAS Roma
40%
Estádio do DragãoFC Porto
36%
Allianz StadiumJuventus Turyn
35%

Rozkład punktacji

Percentyl według liczby udzielonych odpowiedzi

Procent ludzi z każdym wynikiem

Twoja historia wyników

Nie rozwiązałeś tego quizu